Resignificaciones, prácticas y políticas queer en América Latina: otra agenda de cambio social /
Furkejuvvon:
| Váldodahkki: | |
|---|---|
| Eará dahkkit: | , |
| Materiálatiipa: | Texto |
| Fáddágilkorat: |
Lasit fáddágilkoriid
Eai fáddágilkorat, Lasit vuosttaš fáddágilkora!
|
MARC
| LEADER | 00000 a a2200000 04500 | ||
|---|---|---|---|
| 001 | 47715 | ||
| 003 | |||
| 040 | |||
| 100 | |a Vidal-Ortiz, Salvador | ||
| 245 | |a Resignificaciones, prácticas y políticas queer en América Latina: |b otra agenda de cambio social / |c Salvador Vidal-Ortiz, María Amelia Viteri, José Fernando Serrano Amaya | ||
| 700 | |a Viteri, María Amelia | ||
| 700 | |a Serrano Amaya, José Fernando | ||
| 773 | |g número41, (2014), páginas 185-201 | ||
| 999 | |c 27231 |d 27231 | ||
